000 00468nam a22001097a 4500
100 _aPhilip, S.
245 _aBiocontrol techniques
260 _bIn: Recent Advances in Molecular Biology and Biotechnology: DBT Skill Vigyan State Partnership Programme Faculty Training 2024. (Comp. C. Bindu Roy). 6-19 March 2024, Rubber Research Institute of India, Kottayam, India, pp. 155-162. Lab Manual
650 _aBiological agents
650 _aBiocontrol agent
942 _cAR
999 _c75449
_d75449